ბათუმის შოთა რუსთაველის სახელმწიფო უნივერსიტეტის ბიბლიოთეკა

ქალაქის კარიბჭეები : (ბიბ.ჩანაწერი № 63154)

000 -ლიდერი
ფიქსირებული სიგრძის საკონტროლო ველი 01358nam a22002297a 4500
003 - საკონტროლო ნომრის იდენტიფიკატორი
საკონტროლო ველი Ge_BSU
005 - ბოლო ოპერაციის თარიღი და დრო
საკონტროლო ველი 20250612123043.0
008 - ფიქსირებული სიგრძის მონაცემთა ელემენტები - ზოგადი ინფორმაცია
ფიქსირებული სიგრძის საკონტროლო ველი 250612s2023 ge ||||| |||| 00| 0 geo d
020 ## - წიგნის საერთაშორისო სტანდარტული ნომერი
International Standard Book Number 9789941317057
041 ## - ენის კოდი
Language code of text/sound track or separate title geo
080 ## - უნივერსალური ათობითი კლასიფიკაციის ინდექსი
Universal Decimal Classification number 821.411.31 ხ-94
100 ## - მთავარი ჩანაწერი - პიროვნების სახელი
Personal name ხური, ელიას
9 (RLIN) 25396
245 ## - ცნობა სათაურის შესახებ
Title ქალაქის კარიბჭეები :
Remainder of title [რომანი] /
Statement of responsibility, etc ელიას ხური; რედაქტორი ნინო გურასპაული; არაბულიდან თარგმნა დარეჯან გარდავაძემ; გარეკანის დიზაინერი თეონა ჭანიშვილი.
264 ## - წარმოების, გამოცემის, დისტრიბუციის და სხვა ცნობები
გამოცემის, წარმოების, დისტრიბუციის... ადგილი თბილისი :
გამოცემის, წარმოების, დისტრიბუციის... სახელწოდება ინტელექტი,
გამოცემის, წარმოების, დისტრიბუციის... თარიღი 2023.
300 ## - ფიზიკური აღწერა
Extent 124გვ. ;
Other physical details 20 სმ.
490 ## - სერიის ცნობა
Series statement არაბული ლიტერატურის ბიბლიოთეკა
653 ## - INDEX TERM--UNCONTROLLED
Uncontrolled term არაბული ლიტერატურა
700 ## - ADDED ENTRY--PERSONAL NAME
Personal name გურასპაული, ნინო
Relator term რედაქტორი
9 (RLIN) 25397
700 ## - ADDED ENTRY--PERSONAL NAME
Personal name გარდავაძე, დარეჯან
Relator term მთარგმნელი
9 (RLIN) 25398
700 ## - ADDED ENTRY--PERSONAL NAME
Personal name ჭანიშვილი, თეონა
Relator term გარეკანის დიზაინერი
9 (RLIN) 6381
942 ## - ADDED ENTRY ELEMENTS (KOHA)
Source of classification or shelving scheme
Koha item type წიგნი
ეგზემპლარები
ჩამოწერის სტატუსი დაკარგული ეგზემპლარის სტატუსი კლასიფიკაციის წყარო ან თაროზე გაწყობის სქემა დაზიანების სტატუსი არ გაიცემა მუდმივი მდებარეობა (დაცვის ადგილი) ამჟამინდელი ადგილსამყოფელი თაროზე განთავსების ადგილი შეძენის თარიღი ღირებულება, შესყიდვის ნორმალური ფასი სრული შენახვის შიფრი შტრიხკოდი ბოლო ოპერაციის თარიღი ეგზემპლარის მიმდევრობითი ნომერი (კეტერი?) Uniform Resource Identifier ფასის ძალაში შესვლის თარიღი ეგზემპლარის სახეობა საჯარო შენიშვნა
          ბათუმის შოთა რუსთაველის სახელმწიფო უნივერსიტეტის მთავარი ბიბლიოთეკა ბათუმის შოთა რუსთაველის სახელმწიფო უნივერსიტეტის მთავარი ბიბლიოთეკა წიგნსაცავი 2025-06-12 8.00 821.411.31 ხ-94 71796 2025-06-12 71796 ნაჩუქარი 2025-06-12 წიგნი 8 ლ.